000 00453nam a2200181Ia 4500
005 20240823034003.0
008 240823s9999||||xx |||||||||||||| ||und||
041 _aENGLISH
082 _A005.265 N2
100 _aMoss J V
245 0 _aServicing and Supporting IBM PCs and Compatibles
250 _a1st
260 _c1992
_b"Galgotia,New Delhi"
500 _aTransfered
650 _aIBM
_bInformation Technology
942 _cBK
999 _c197141
_d197141